00676nam a2200193Ia 4500003000900000008004100009020001800050040001600068080001700084100002700101245009200128260004800220300001500268650001400283650002900297942000700326999001700333952013200350IN-BaIIA211028s9999 xx 000 0 eng d a0-521-47966-5 cIIA Library a524.834bLAC aLachieze-Rey, M920390 0aCosmologyba first coursecM. Lachieze-Rey  aCambridgebCambridge University Pressc1995 avii, 136p. aCosmology aGeneral relativity93824 cBK c11764d11764 00104070aBANbBANcGENd1996-05-24eEDS g768.64l0o524.834/ LACp12679r2021-11-05v768.64w1996-05-24yBKGRs. 768.64